000 01088nam a2200277 a 4500
001 000021571
005 20250606121936.0
008 100909s2007 pr 000 0 spa d
020 _a1932271872
040 _aDO-SdBNP
_bspa
_cBNPHU
082 _a306.97295
_bR175p
100 1 _aRamos Méndez, Mario
_d1960-
_944945
245 1 0 _aPosesión del ayer :
_bla nacionalidad cultural en la estadidad /
_cMario Ramos Méndez ; prólogo Juan Manuel García Passalacqua.
260 _aSan Juan, Puerto Rico
_aSanto Domingo :
_bIsla Negra,
_c2007.
300 _a209 p. :
_b24 cm.
500 _aIncluye datos biográficos del autor en la solapa de la cubierta
504 _aBibliografía: p.195-209.
590 _aInventariado, 2018/DG
650 0 _aIdentidad nacional
_92163
650 4 _aNacionalismo y cultura
_922911
650 4 _aIdentidad cultural
_zPuerto Rico
_928193
651 4 _aPuerto Rico
_xHistoria
_91079
651 4 _aPuerto Rico
_xCaracterísticas Nacionales
_933049
700 1 _aGarcía Passalacqua, Juan Manuel,
_epról.
_944946
910 _aValidado. Control de calidad EMS.
999 _c21070
_d21070